[Event "La Plata Spring op"]
[Site "La Plata"]
[Date "2018.09.22"]
[Round "6.5"]
[White "Di Criscio, Gaston"]
[Black "Scianda, Mariano"]
[Result "1-0"]
[WhiteElo "1768"]
[BlackElo "1536"]
[PlyCount "75"]
[EventDate "2018.09.11"]
[EventType "swiss"]
[EventRounds "7"]
[EventCountry "ARG"]
[SourceTitle "EXT 2024"]
[Source "ChessBase"]
[SourceDate "2023.10.10"]
[SourceVersion "1"]
[SourceVersionDate "2023.10.10"]
[SourceQuality "1"]

1. d4 c6 2. c4 d5 3. cxd5 cxd5 4. Nc3 e6 5. Bf4 a6 6. e3 Nf6 7. Bd3 g6 8. Nf3 Nc6 9. 0-0 Bg7 10. Rc1 0-0 11. h3 Bd7 12. Na4 Nb4 13. Bb1 Bxa4 14. Qxa4 Nc6 15. Rc3 b5 16. Qb3 Rc8 17. Rfc1 Qb6 18. Ne5 Ne7 19. Qc2 Rxc3 20. Qxc3 Rc8 21. Qxc8+ Nxc8 22. Rxc8+ Bf8 23. Bh6 Qd6 24. Rxf8+ Qxf8 25. Bxf8 Kxf8 26. Bd3 Ne8 27. Nd7+ Ke7 28. Nc5 Nc7 29. a4 Kd6 30. axb5 axb5 31. f4 f6 32. g4 e5 33. Kf2 e4 34. Be2 g5 35. Kg3 h6 36. h4 Kc6 37. h5 Kd6 38. Kf2 1-0

[Event "La Plata op"]
[Site "La Plata"]
[Date "2017.01.04"]
[Round "2.6"]
[White "Scianda, Mariano"]
[Black "Ochotorena, Sergio"]
[Result "1/2-1/2"]
[WhiteElo "1514"]
[BlackElo "1690"]
[PlyCount "68"]
[EventDate "2017.01.01"]
[EventType "swiss"]
[EventRounds "6"]
[EventCountry "ARG"]
[SourceTitle "EXT 2024"]
[Source "ChessBase"]
[SourceDate "2023.10.10"]
[SourceVersion "1"]
[SourceVersionDate "2023.10.10"]
[SourceQuality "1"]

1. Nf3 Nc6 2. d4 d5 3. e3 Nf6 4. Bd3 Bg4 5. c3 e6 6. Nbd2 Bd6 7. h3 Bh5 8. e4 dxe4 9. Nxe4 0-0 10. Bg5 Be7 11. Bxf6 Bxf6 12. Ng3 Bg6 13. 0-0 e5 14. Bxg6 fxg6 15. Qb3+ Kh8 16. Qxb7 Qd7 17. Nxe5 Nxe5 18. dxe5 Bxe5 19. Rad1 Qa4 20. Qd5 Bd6 21. Ne4 Rad8 22. Nxd6 Rxd6 23. Qc5 Rdf6 24. Qd4 Qxa2 25. Rd2 h6 26. b4 Qa6 27. Qc5 R8f7 28. Rd8+ Kh7 29. Qd5 Qb6 30. Qa8 g5 31. Rh8+ Kg6 32. Qe4+ Kh5 33. Qg4+ Kg6 34. Qe4+ Kh5 1/2-1/2